000
00284nam a2200133Ia 4500
008
211105s9999||||xx |||||||||||||| ||und||
082
_a
570 S689B 2001
084
_b
13-00151
100
_a
Solomon, Eldra Pearl
245
0
_a
BiologĂa
260
_c
2001
300
_a
0
999
_c
16837
_d
16837